000 00701nam a2200253Ia 4500
003 OSt
005 20220924125252.0
006 a|||||r|||| 00| 0
007 ta
008 220923b |||||||| |||| 00| 0 ara d
024 _a334117
037 _cTextual
040 _aARTS
_cARTS
_bara
041 _2ara
_aara
082 _aL:41, 28N2
100 _aKhalid-al-sadoon Muhammad Au.
_9197953
245 0 _aAl-Sa'afin-al-salmiya
260 _aQahira
_bAl-risalah press Egypt
_c1992
300 _a107p.
_ccm.
650 _a MEDICINE
_94387
650 _aARABIC LANGUAGE
_931794
942 _hL:41, 28N2
_cTEXL
_2CC
999 _c422289
_d422289